Les 10 bleus les plus utilisés par Deschamps en 2024 - Statistiques

Statistiques générales
  • Ce quiz a été pris 158 fois
  • Le résultat moyen est 8 sur 10
Statistiques - réponses
Matchs Minutes Joueur % Correct
11 864 Kylian Mbappé
96%
15 1 380 Mike Maignan
86%
11 802 Ousmane Dembélé
83%
13 1 051 Théo Hernandez
82%
16 1 318 Jules Koundé
76%
11 924 N'Golo Kanté
74%
9 801 Aurelien Tchouaméni
73%
11 948 Dayot Upamecano
71%
14 810 Randal Kolo Muani
71%
14 1 244 William Saliba
71%
Aucun quiz correspondant
Distribution des résultats
% des personnes avec chaque résultat
Percentile par nombre de réponses
Votre historique - résultats
Vous n’avez pas pris ce quiz